000 00292nam a22001337a 4500
003 SGT
082 _a346.066,ACT
100 _aACT NO 1 OF 1956
245 _aTHE COMPANIES ACT
260 _aALLAHABAD
_bC.L.A PUBLICATION
_c1956
300 _aV.P.
650 _aCOMPANIES ACT
942 _2ddc
_cBK
999 _c10896
_d10896